| 000 | 00888nam a2200277 i 4500 | ||
|---|---|---|---|
| 003 | EG-ScBUE | ||
| 005 | 20260106095530.0 | ||
| 008 | 110420t2006 njua f 001 0 eng d | ||
| 020 | _a9780471698678 | ||
| 040 |
_aEG-ScBUE _beng _erda _cEG-ScBUE _dEG-ScBUE |
||
| 082 | 0 | 4 |
_222 _a621.47 _bDUF |
| 100 | 1 |
_913022 _aDuffie, John A., _eauthor. |
|
| 245 | 1 | 0 |
_aSolar engineering of thermal processes / _cJohn A. Duffie, William A. Beckman. |
| 250 | _aThird edition. | ||
| 264 | 1 |
_aHoboken, NJ. : _bWiley, _c[2006] |
|
| 264 | 4 | _cc2006 | |
| 300 |
_a908 pages : _billustrations ; _c22 cm |
||
| 336 |
_2rdacontent _atext _btxt |
||
| 337 |
_2rdamedia _aunmediated _bn |
||
| 338 |
_2rdacarrier _avolume _bnc |
||
| 500 | _aIncludes index. | ||
| 650 | 7 |
_95597 _aSolar energy. _2BUEsh |
|
| 655 | _vReading book | ||
| 700 | 1 |
_913024 _aBeckman, William A., _eauthor. |
|
| 942 |
_2ddc _cBB |
||
| 999 |
_c15157 _d15157 |
||